000
00257nam a2200121Ia 4500
100
_a
#N/A
942
_c
BK
245
_a
Neural Network Design Demonstation Disk for use with MATLAB
260
_b
#N/A
082
_b
21992
546
_a
ENGLISH
999
_c
20488
_d
20488